000 00985cam a22003258a 4500
999 _c40079
_d40079
003 BJBSDDR
005 20241031062526.0
007 ta
008 100729s2010 mau 001 0 eng
020 _a9781422157985 (pbk. : alk. paper)
020 _a1422157989 (pbk. : alk. paper)
035 _a16355386
040 _aDLC
_cDLC
_beng
041 _aeng
050 1 4 _aHD 30.28
_bH431 2010
082 0 0 _a658.4
245 0 0 _aHBR's 10 must reads on strategy
246 3 _aHBR's ten must reads on strategy
246 3 _aHarvard business review's 10 must reads on strategy
260 _aBoston, Mass. :
_bHarvard Business Review Press,
_cc2010.
300 _a266 p. :
_bill. ;
_c21 cm
440 0 _aHBR's 10 must reads series
500 _aIncludes index.
650 0 _aStrategic planning.
650 0 _aPolítica mundial
_ySiglo XXI
_9538
650 4 _aPrimera Jornada de Catalogación.
730 0 _aHarvard business review
_924936
942 _2lcc
_cBK
946 _anc